000 00277nam a2200109Ia 4500
008 190216s9999||||xx |||||||||||||| ||und||
100 _aOwler L W J&Amp;Brown J L
245 0 _aWheldon`S Cost Accounting And Costing Methods
260 _bNull
_c1970
300 _a681p
942 _cBK
999 _c3931
_d3931